Basic economics

This book is designed for a one-term survey course in economics and is intended primarily for those

Gespeichert in:
Bibliographische Detailangaben
1. Verfasser: Mastrianna, Frank V.
Format: Buch
Sprache:Undetermined
Veröffentlicht: Australia Thomson 2007
Schlagworte:
Tags: Tag hinzufügen
Keine Tags, Fügen Sie den ersten Tag hinzu!
Thư viện lưu trữ: Trung tâm Học liệu Trường Đại học Cần Thơ
LEADER 00596nam a2200193Ia 4500
001 CTU_153293
008 210402s9999 xx 000 0 und d
082 |a 330 
082 |b M423 
100 |a Mastrianna, Frank V. 
245 0 |a Basic economics 
245 0 |c Frank V. Mastrianna, Thomas J. Hailstones 
260 |a Australia 
260 |b Thomson 
260 |c 2007 
520 |a This book is designed for a one-term survey course in economics and is intended primarily for those 
650 |a Economics 
904 |i Bạch Trúc 
980 |a Trung tâm Học liệu Trường Đại học Cần Thơ